South Asian cooperation after the cold war: coping with the international dimension (Record no. 41733)

000 -LEADER
fixed length control field 00398pab a2200145 454500
008 - FIXED-LENGTH DATA ELEMENTS--GENERAL INFORMATION
fixed length control field 180718b1999 xxu||||| |||| 00| 0 eng d
100 ## - MAIN ENTRY--PERSONAL NAME
Personal name Rana, A.P.
245 ## - TITLE STATEMENT
Title South Asian cooperation after the cold war: coping with the international dimension
260 ## - PUBLICATION, DISTRIBUTION, ETC.
Date of publication, distribution, etc. 1999
300 ## - PHYSICAL DESCRIPTION
Extent p.99-107
362 ## - DATES OF PUBLICATION AND/OR SEQUENTIAL DESIGNATION
Dates of publication and/or sequential designation Jan-Jun
650 ## - SUBJECT ADDED ENTRY--TOPICAL TERM
Topical term or geographic name entry element Regional cooperation
773 ## - HOST ITEM ENTRY
Main entry heading South Asian Survey
909 ## -
-- 41733
Holdings
Withdrawn status Lost status Damaged status Not for loan Permanent Location Current Location Date acquired Serial Enumeration / chronology Barcode Date last seen Price effective from Koha item type
        Indian Institute of Public Administration Indian Institute of Public Administration 2018-07-19 Volume no: 6, Issue no: 1 AR42109 2018-07-19 2018-07-19 Articles

Powered by Koha